000
00210 a2200097 4500
001
48258
100
_a
Manzoor, H
245
_a
Iqbal our Baz Dosray Shair
260
_a
Lahore
_b
N B F
_c
090
_c
31212
_d
31212
942
_a
NUST-CAE
_c
M
_c
23573
999
_c
283331
_d
283331